00701nam a22001697a 4500003000400000008004100004020001800045100002500063245003700088260005300125300000800178650001200186942001200198999001700210952015200227952015200379OSt250530b |||||||| |||| 00| 0 eng d a9788170845591 aTRIPATHI, Brahmanand aAstangahrdayam of Srimadvagbhata aNew DelhibChaukhamba Sanskrit Pratishthanc2022 a336 aGeneral 2ddccBK c13628d13628 00102ddc40708IKSBCaPIETbPIETd2025-05-20eZaffa BooksfINRg325.00kZBD0123l0o615.53 TRApK115r2025-05-30 00:00:00v260.00w2025-05-20yBK 00102ddc40708IKSBCaPIETbPIETd2025-05-20eZaffa BooksfINRg325.00kZBD0123l0o615.53 TRApK116r2025-05-30 00:00:00v260.00w2025-05-20yBK